Structural Aspects of Sovereignty and the Slovak Foreign Policy After Parliament Elections 2023
Skúmanie dôvodov stanovenia suverénnej zahraničnej politiky ako strategického cieľa koaličnej vlády Smeru, Hlasu a SNS. Štrukturálne podmienky, ktoré ovplyvňujú politickú voľbu týchto aktérov a určujú reálne možnosti realizácie suverénnej zahraničnej politiky v medzinárodných vzťahoch charakterizova...
Saved in:
| Main Author: | |
|---|---|
| Format: | Book Chapter |
| Language: | English |
| Subjects: | |
| Tags: |
No Tags, Be the first to tag this record!
|
MARC
| LEADER | 00000naa a2200000 4500 | ||
|---|---|---|---|
| 001 | 0306485 | ||
| 005 | 20250128113120.0 | ||
| 041 | 0 | |a eng | |
| 044 | |a SK | ||
| 245 | 1 | 0 | |a Structural Aspects of Sovereignty and the Slovak Foreign Policy After Parliament Elections 2023 |c Milan Kurucz |
| 520 | |a Skúmanie dôvodov stanovenia suverénnej zahraničnej politiky ako strategického cieľa koaličnej vlády Smeru, Hlasu a SNS. Štrukturálne podmienky, ktoré ovplyvňujú politickú voľbu týchto aktérov a určujú reálne možnosti realizácie suverénnej zahraničnej politiky v medzinárodných vzťahoch charakterizovaných mocenskými asymetriami a ekonomickou závislosťou. Taktiež je analyzovaná konštelácia sociálnych a politických síl v slovenskej spoločnosti, ktorá za určitej vonkajšej situácie vytvára predpoklady pre snahu o nezávislú politiku. | ||
| 610 | 2 | 0 | |a politika zahraničná |
| 610 | 2 | 0 | |a suverenita |
| 610 | 2 | 0 | |a vzťahy medzinárodné |
| 610 | 2 | 0 | |a závislosť ekonomická |
| 610 | 2 | 0 | |a Slovensko |
| 100 | 1 | |a Kurucz, Milan, 1954- | |